|
|
|
|
| LEADER |
00000nam0a2200000 4500 |
| 001 |
48442 |
| 005 |
20231101211140.0 |
| 035 |
|
|
|a (RuTPU)RU\TPU\book\50739
|
| 090 |
|
|
|a 48442
|
| 100 |
|
|
|a 20030318d1978 k y0rusy50 ca
|
| 101 |
0 |
|
|a rus
|
| 102 |
|
|
|a RU
|
| 105 |
|
|
|a a z 001zy
|
| 200 |
1 |
|
|a Система планово-предупредительного ремонта оборудования и сетей промышленной энергетики
|e Одобрено государственной инспекцией по энергонадзору Минэнерго СССР
|f Н. Н. Синягин, Н. А. Афанасьев, С. А. Новиков
|
| 205 |
|
|
|a 2-е изд., перераб.
|
| 210 |
|
|
|a Москва
|c Энергия
|d 1978
|
| 215 |
|
|
|a 408 с.
|c ил.
|
| 320 |
|
|
|a Библиогр.: с. 402-403.
|
| 606 |
|
|
|a Энергетическое оборудование
|x Ремонт
|2 stltpush
|3 (RuTPU)RU\TPU\subj\21331
|9 46348
|
| 606 |
|
|
|a Энергетическое хозяйство
|2 stltpush
|3 (RuTPU)RU\TPU\subj\21336
|9 46353
|
| 610 |
1 |
|
|a энергетика
|
| 610 |
1 |
|
|a ремонт
|
| 610 |
1 |
|
|a промышленные предприятия
|
| 610 |
1 |
|
|a сети
|
| 610 |
1 |
|
|a электрические машины
|
| 610 |
1 |
|
|a силовые трансформаторы
|
| 610 |
1 |
|
|a электрические аппараты
|
| 610 |
1 |
|
|a конденсаторные установки
|
| 610 |
1 |
|
|a аккумуляторные батареи
|
| 610 |
1 |
|
|a технологическое оборудование
|
| 610 |
1 |
|
|a нормативы
|
| 610 |
1 |
|
|a электрические сети
|
| 610 |
1 |
|
|a связь
|
| 610 |
1 |
|
|a котлы
|
| 610 |
1 |
|
|a компрессорные машины
|
| 610 |
1 |
|
|a насосные установки
|
| 610 |
1 |
|
|a вентиляционные установки
|
| 610 |
1 |
|
|a трубопроводы
|
| 610 |
1 |
|
|a энергетические службы
|
| 610 |
1 |
|
|a техническое обслуживание
|
| 610 |
1 |
|
|a качество
|
| 610 |
1 |
|
|a документация
|
| 675 |
|
|
|a 620.9.002.5:658
|v 3
|
| 675 |
|
|
|a 620.9:658
|v 3
|
| 700 |
|
1 |
|a Синягин
|b Н. Н.
|g Николай Николаевич
|
| 701 |
|
1 |
|a Афанасьев
|b Н. А.
|g Николай Афанасьевич
|
| 701 |
|
1 |
|a Новиков
|b С. А.
|g Станислав Андреевич
|
| 801 |
|
1 |
|a RU
|b 63413507
|c 20030318
|g PSBO
|
| 801 |
|
2 |
|a RU
|b 63413507
|c 20180222
|g PSBO
|
| 942 |
|
|
|c BK
|